Amatérska scéna dvouměsíčník pro otázky amatérského divadla a uměleckého přednesu
| Predchádzajúci názov: | Ochotnické divadlo |
|---|---|
| Médium: | Časopis |
| Jazyk: | čeština |
| Fyzický popis: | 51 zv. 29-30 cm |
| Vydavateľské údaje: |
Praha
Informační a poradenské středisko pro místní kulturu [IPOS]
1964-2014
Praha Národní informační a poradenské středisko pro kulturu |
| ISSN: | 0002-6786 0472-4755 |
| Predmet: |
MARC
| LEADER | 00000cas a2200000 a 4500 | ||
|---|---|---|---|
| 001 | vtls008880550 | ||
| 003 | SK-MaSNL | ||
| 005 | 20260228162309.0 | ||
| 008 | 991130d19642014xr br p r 0 0 b0cze c | ||
| 022 | |a 0002-6786 | ||
| 035 | |a (SVKBB03)vtls000039622 | ||
| 040 | |a SVKBB |b slo |c SVKBB |d SNK |e AACR2 | ||
| 041 | 0 | |a cze | |
| 044 | |a xr |c CZ | ||
| 072 | 7 | |a 792 |x Divadlo. Divadelné predstavenia |2 konspekt | |
| 080 | |a 792.077 |2 2001 | ||
| 080 | |a 379.82(051) |2 2011 | ||
| 080 | |a 050 |2 2011 | ||
| 210 | 0 | |a Amat. scéna | |
| 222 | 0 | |a Amatérska scéna | |
| 245 | 0 | 0 | |a Amatérska scéna |b dvouměsíčník pro otázky amatérského divadla a uměleckého přednesu |
| 246 | 3 | 3 | |a AS |
| 260 | |a Praha |b Informační a poradenské středisko pro místní kulturu [IPOS] |c 1964-2014 | ||
| 260 | 3 | |3 1991-2014 |a Praha |b Národní informační a poradenské středisko pro kulturu | |
| 300 | |a 51 zv. |c 29-30 cm | ||
| 310 | |a 6x ročne | ||
| 321 | |a 1x měsíčně |b 1964-1993 | ||
| 362 | 0 | |a Roč. 1, č. 1 (1964)-roč. 51, č. 6 (2014) | |
| 500 | |a Súčasný podnázov: dvouměsíčník pro amatérské a nezávislé divadlo | ||
| 500 | |a Podnázvy skôr: ochotnické divadlo; měsíčník pro otázky amatérského divadla a uměleckého přednesu | ||
| 500 | |a Ukončené vyd. tlačenej verzie, ďalej pokračuje vyd. internetovej verzie | ||
| 525 | |a Príloha D'Artaman : divadelní noviny : informační bulletin pro amatérské divadlo - vevázána do časopisu | ||
| 650 | 0 | 7 | |a amatérske divadlo |2 SNKPH |9 3348 |
| 655 | 7 | |a záujmové časopisy |2 SNKPH |9 70804 | |
| 770 | 0 | |t d'Artaman | |
| 780 | 0 | 0 | |t Ochotnické divadlo |x 0472-4755 |
| 852 | |a Štátna vedecká knižnica v Banskej Bystrici | ||
| 910 | |a snk | ||
| 999 | |c 7480 |d 9410 | ||
| 952 | |0 0 |1 1 |4 0 |7 0 |a SNK |b SNK |d 1998-02-18 |l 0 |o snkČB 2936/27(36)/1990 |p 17A0124496 |r 2005-01-02 00:00:00 |t č. 1-12 |w 2026-02-21 |y PREZ | ||
| 952 | |0 0 |1 1 |4 0 |7 0 |a SNK |b SNK |d 1998-02-18 |l 0 |o snkČB 2986/22(32)/1985 |p 17A0124921 |r 2005-01-02 00:00:00 |t č. 1-12 |w 2026-02-21 |y PREZ | ||
| 952 | |0 0 |1 1 |4 0 |7 0 |a SNK |b SNK |d 1998-02-13 |l 0 |o snkČB 2986/28(37)/1991 |p 17A0123877 |r 2005-01-02 00:00:00 |t č. 1-12 |w 2026-02-21 |y PREZ | ||
| 952 | |0 0 |1 1 |4 0 |7 0 |a SNK |b SNK |d 1998-02-13 |l 0 |o snkČB 2986/23(33)/1986 |p 17A0123507 |r 2005-01-02 00:00:00 |t č. 1-12 |w 2026-02-21 |y PREZ | ||
| 952 | |0 0 |1 1 |4 0 |7 0 |a SNK |b SNK |d 1998-02-13 |l 0 |o snkČB 2986/18/1981 |p 17A0123190 |r 2005-01-02 00:00:00 |t č. 1-12 |w 2026-02-21 |y PREZ | ||


